00414pab a2200145 454500008004000000100002000040245008200060260000900142300001500151362001200166650002000178700001300198700002400211773003300235180718b2013 xxu||||| |||| 00| 0 eng d aKlein, David B. aThe patient-centered medical home: A future standard for American health care c2013 ap.S82-S92. aSep-Oct aHealth services aLiu, Nan aLaugesen, Miriam J. aPublic Administration Review